Cost implications resulting from proposed change to metric: interim report of study group W,Quantity Surveyors section of the London (North West) Branch, March 1970 (Record no. 88026)

MARC details
000 -LEADER
fixed length control field 00611cam a2200193 4500
001 - CONTROL NUMBER
control field D15279
008 - FIXED-LENGTH DATA ELEMENTS--GENERAL INFORMATION
fixed length control field 090401t1970 xxu||||| |||| 00| 0 eng d
035 ## - SYSTEM CONTROL NUMBER
System control number (Sirsi) u21650
041 ## - LANGUAGE CODE
Language code of text/sound track or separate title eng
050 ## - LIBRARY OF CONGRESS CALL NUMBER
Classification number 389.152
110 ## - MAIN ENTRY--CORPORATE NAME
Corporate name or jurisdiction name as entry element Royal Institution of Chartered Surveyors
Subordinate unit North West Branch
9 (RLIN) 915
245 ## - TITLE STATEMENT
Title Cost implications resulting from proposed change to metric: interim report of study group W,Quantity Surveyors section of the London (North West) Branch, March 1970
260 ## - PUBLICATION, DISTRIBUTION, ETC.
Name of publisher, distributor, etc. RICS
Date of publication, distribution, etc. 1970
300 ## - PHYSICAL DESCRIPTION
Extent 7p
350 ## - PRICE (NR) (BK AM CF MU VM SE) [OBSOLETE]
Price 0
520 ## - SUMMARY, ETC.
Summary, etc. Filed in box 1970/16A
942 ## - ADDED ENTRY ELEMENTS (KOHA)
Suppress in OPAC 0
948 ## - LOCAL PROCESSING INFORMATION (OCLC); SERIES PART DESIGNATOR (RLIN)
c (OCLC) 04/03/1997
Holdings
Withdrawn status Lost status Source of classification or shelving scheme Damaged status Not for loan Home library Current library Shelving location Date acquired Total Checkouts Full call number Barcode Date last seen Copy number Price effective from Koha item type
    Other/Generic Classification Scheme     London London RICS Boxes 14/09/1999   RICS 1970/16 30030232 06/08/2019 1 06/08/2019 Reference material